| 000 | 01121nam a2200337 i 4500 | ||
|---|---|---|---|
| 001 | 333 | ||
| 003 | KOSZ 005 | ||
| 005 | 20200714082727.0 | ||
| 008 | 060412s1974 pl f |000 0 pol | ||
| 015 | _aPB 1974/6369 | ||
| 035 | _a(OCoLC)836273627 | ||
| 040 |
_aWA N _cKOSZ 005/HR _dKOSZ 005/HR |
||
| 041 | 1 |
_apol _hrus |
|
| 080 | _a517.9 | ||
| 080 | _a531/534 | ||
| 080 | _a536 | ||
| 100 | 1 |
_aSmirnov, Modest Mihajlovič _d(1921- ). |
|
| 245 | 1 | 0 |
_aZadania z równań różniczkowych cząstkowych / _cM. M. Smirnov ; tł. Ryszard Bittner. |
| 246 | 1 |
_iTyt. oryg.: _aZadači po uravnenijam matematičeskoj fizike, _f1968. |
|
| 250 | _aWyd. 2. popr. | ||
| 260 |
_aWarszawa : _bPańst. Wydaw. Naukowe, _c1974. |
||
| 300 |
_a132, [1] s. ; _c25 cm. |
||
| 380 | _aKsiążki | ||
| 658 | _aMatematyka | ||
| 658 | _aFizyka i astronomia | ||
| 655 | 4 | _aĆwiczenia i zadania | |
| 650 | 4 | _aRównania różniczkowe | |
| 700 | 1 |
_aBittner, Ryszard _d(1927-1998) _eTłumaczenie |
|
| 856 |
_uhttp://koha.tu.koszalin.pl/cgi-bin/koha/opac-detail.pl?biblionumber=333 _yKatalog online BPK |
||
| 942 |
_2UKD _cKS |
||
| 999 |
_c333 _d333 |
||